000 00446nam a2200169Ia 4500
008 131103s9999 xx 000 0 und d
040 _aLoreto College
041 _aEnglish
082 _a910/PAL
_bLCBED/14466
100 _aPal, Arun Shankar
245 _aHigher secondary geography
_cArun Shankar Pal
260 _aKolkata
_bBook syndicate
_c2005
300 _a208p
_c 22cm.
650 _aGeography
850 _aLCBED/910/PAL
942 _cBK
999 _c29374
_d79853